| 000 | 01244nam a22002537a 4500 | ||
|---|---|---|---|
| 005 | 20110214110156.0 | ||
| 008 | 090211t xxu||||| |||| 00| 0 hin d | ||
| 010 | _aHIN-91870 | ||
| 020 |
_c225.00 _a9788181501080 |
||
| 035 | _aHN-64216 | ||
| 037 | _bDBAD / PUB | ||
| 040 |
_aDPL _bHN |
||
| 082 | _aक | ||
| 100 |
_aजै़दी, रंजन _925892 |
||
| 245 |
_aखारे पानी की मछलियां : _cरंजन जै़दी _bतथा अन्य कहानियां / |
||
| 260 |
_aनई दिल्ली _bअरावली बुक्स इंटरनेशनल _c2010 |
||
| 270 |
_aडब्ल्यू-30, ओखला इंडस्ट्रीयल एरिया, फेज-11 _bनई दिल्ली _e110020 _k2638830-32 _l011- 26388829 _maravaliprinters@rediffmail.com |
||
| 300 |
_a164पृ. _c22सेमी (अजिल्द) |
||
| 650 |
_91169 _aलघु कथा साहित्य |
||
| 650 |
_925893 _aHindi Fiction |
||
| 700 |
_a _925894 |
||
| 942 |
_2ddc _cHN _hक _mजै़दीरं |
||
| 999 |
_c50525 _d50525 |
||